ბათუმის შოთა რუსთაველის სახელმწიფო უნივერსიტეტის ბიბლიოთეკა

Теория химических процесов основного органического и нефтехимического синтеза. (ბიბ.ჩანაწერი № 37034)

000 -LEADER
fixed length control field 00889nam a2200217Ia 4500
001 - CONTROL NUMBER
control field 2988
003 - CONTROL NUMBER IDENTIFIER
control field GE_BSU
008 - FIXED-LENGTH DATA ELEMENTS--GENERAL INFORMATION
fixed length control field 181216s||||||||xx |||||||||||||| ||und||
040 ## - CATALOGING SOURCE
Transcribing agency GE_BSU
080 ## - UNIVERSAL DECIMAL CLASSIFICATION NUMBER
Universal Decimal Classification number 661.7
100 ## - MAIN ENTRY--PERSONAL NAME
Personal name Лебедев,Н.Н. Манаков,М.Н. Швец,В.Ф.
245 ## - TITLE STATEMENT
Title Теория химических процесов основного органического и нефтехимического синтеза.
245 ## - TITLE STATEMENT
Statement of responsibility, etc. Ред.Н.И.Урывалова,И.А.Захарьянц. Под. ред. Н.Н.Лебедева.
250 ## - EDITION STATEMENT
Edition statement Изд. 2-е, перераб.
260 ## - PUBLICATION, DISTRIBUTION, ETC.
Place of publication, distribution, etc. М.
260 ## - PUBLICATION, DISTRIBUTION, ETC.
Name of publisher, distributor, etc. Химия.
260 ## - PUBLICATION, DISTRIBUTION, ETC.
Date of publication, distribution, etc. 1984.
300 ## - PHYSICAL DESCRIPTION
Extent 376 стр. илл. 21 см.
653 ## - INDEX TERM--UNCONTROLLED
Uncontrolled term Теория химических процесов основного органического и нефтехимического синтеза.
942 ## - ADDED ENTRY ELEMENTS (KOHA)
Koha item type წიგნი
ეგზემპლარები
Withdrawn status Lost status Damaged status Not for loan Date acquired Barcode Date last seen Price effective from Koha item type
        2018-12-17 9506 2018-12-17 2018-12-17 წიგნი